Estatísticas para Participantes do Campeonato Mineiro de 2022 - Módulo I

Clique aqui para jogar o quiz

Estatísticas Gerais

  • Esse quiz foi jogado 32 vezes
  • A pontuação média é 10 de 12

Estatísticas das Respostas

CidadeClube% Correto
Belo HorizonteAmérica
96%
Belo HorizonteAtlético
96%
Belo HorizonteCruzeiro
96%
TombosTombense
96%
Poços de CaldasCaldense
93%
UberlândiaUberlândia
93%
PatrocínioPatrocinense
89%
Pouso AlegrePouso Alegre
82%
Patos de MinasURT
79%
Nova LimaVilla Nova
79%
São João del-ReiAthletic
68%
Governador ValadaresDemocrata
57%

Distribuição das Pontuações

Percentil de Números Respondidos

Porcentagem de Pessoas com Cada Pontuação

Sua Pontuação Histórica

Você não jogou esse quiz